Fundamental concepts of architecture : (Record no. 12268)

000 -LEADER
fixed length control field 00804cam a22002537a 4500
003 - CONTROL NUMBER IDENTIFIER
control field OSt
005 - DATE AND TIME OF LATEST TRANSACTION
control field 20231117144922.0
008 - FIXED-LENGTH DATA ELEMENTS--GENERAL INFORMATION
fixed length control field 150123s2014 sz ae bd 000 0 eng d
020 ## - INTERNATIONAL STANDARD BOOK NUMBER
International Standard Book Number 9783034608923
040 ## - CATALOGING SOURCE
Original cataloging agency BMSCA
041 1# - LANGUAGE CODE
Language code of text/sound track or separate title eng
082 04 - DEWEY DECIMAL CLASSIFICATION NUMBER
Classification number 720.3
Edition number 23
Item number JAN
100 1# - MAIN ENTRY--PERSONAL NAME
Personal name Janson, Alban,
Dates associated with a name 1948-
Relator term author.
240 10 - UNIFORM TITLE
Uniform title <a href="Grundbegriffe der Architektur.">Grundbegriffe der Architektur.</a>
Language of a work English
245 10 - TITLE STATEMENT
Title Fundamental concepts of architecture :
Remainder of title the vocabulary of spatial situations /
Statement of responsibility, etc Alban Janson, Florian Tigges.
300 ## - PHYSICAL DESCRIPTION
Extent 379 p. :
Other physical details ill., plans ;
Dimensions 24 cm.
500 ## - GENERAL NOTE
General note Includes ebook access.
504 ## - BIBLIOGRAPHY, ETC. NOTE
Bibliography, etc Includes bibliographical references.
650 #0 - SUBJECT ADDED ENTRY--TOPICAL TERM
Topical term or geographic name as entry element Architecture
Form subdivision Dictionaries.
650 #7 - SUBJECT ADDED ENTRY--TOPICAL TERM
Topical term or geographic name as entry element Architecture.
Source of heading or term fast
655 #7 - INDEX TERM--GENRE/FORM
Genre/form data or focus term Dictionaries.
Source of term fast
700 1# - ADDED ENTRY--PERSONAL NAME
Personal name Tigges, Florian,
Relator term author.
942 ## - ADDED ENTRY ELEMENTS (KOHA)
Source of classification or shelving scheme
Holdings
Withdrawn status Lost status Source of classification or shelving scheme Damaged status Koha normalized classification for sorting Not for loan Permanent location Current location Date acquired Source of acquisition Cost, normal purchase price Full call number Barcode Date last seen Cost, replacement price Price effective from Koha item type
        720_300000000000000_JAN   BMS College of Architecture, Design and Planning BMS College of Architecture, Design and Planning 2023-11-17 1 3487.76 720.3 JAN AR-RD220 2023-11-17 4650.35 2023-11-17 R&D Books
Copyright © 2025, The Librarian, Library and Information Centre, BMSCA D&P, Bengaluru. All Rights Reserved
web counter

Powered by Koha